|
|
|
|
| LEADER |
00839ncm a22002412a 4500 |
| 001 |
001090036 |
| 003 |
CZ BrMZK |
| 005 |
20110103094209.0 |
| 007 |
qu |
| 008 |
100312s1950 pl |||||||||||||||||pol d |
| 040 |
|
|
|a BOA001
|b cze
|
| 072 |
|
7 |
|a 784
|x Vokální hudba
|2 Konspekt
|9 9
|
| 100 |
1 |
|
|a Sikorski, Kazimierz,
|d 1895-1986
|7 jn20030204022
|4 cmp
|
| 245 |
1 |
0 |
|a "Czemuście mnie"
|h [hudebnina] :
|b ślaska melodia ludowa : na 4 glosowy chór mieszany a cappella /
|c Kazimierz Sikorski
|
| 250 |
|
|
|a Wyd. 3
|
| 260 |
|
|
|a Kraków :
|b Polskie Wydawnictwo Muzyczne,
|c 1950
|
| 300 |
|
|
|a 4 s.
|
| 490 |
1 |
|
|a Polska literatura chóralna ;
|v 1
|
| 830 |
|
0 |
|a Polska literatura chóralna
|
| 910 |
|
|
|a BOA001
|b Mus3-0286.969
|
| 990 |
|
|
|a MU
|
| 991 |
|
|
|b 201101
|
| 996 |
6 |
|
|b 2619449555
|c Mus3-0286.969
|l MZK
|r Sklad / do 1 hodiny
|n 0
|w 001114700
|u 000010
|a 1
|e BOA001
|j MZK50
|s P
|